00425nam a2200181Ia 4500008004100000020001800041050001400059100001800073245003400091245001800125260001500143260001600158260000900174300001500183300002700198300001000225500000800235170918s9999 xx 000 0 und d a9780395978313 bR456 1999 aRey, Margaret aCurious George goes to camp / cMargaret Rey. aNew York : bScholastic, c1999 a24 pages : bcolored illustration ; c21cm. a310